Statistics for Fast Food Logo by Description

Click here to take the quiz!

General Stats

  • This quiz has been taken 141 times
  • The average score is 9 of 20

Answer Stats

DescriptionLogo% Correct
A red domino and a blue rectangle joined to form a squareDomino's
99%
A magenta bell with a yellow clapper on a purple backgroundTaco Bell
92%
A redheaded girl with two braidsWendy's
88%
A white-haired man with glasses and a goateeKFC
60%
Two golden archesMcDonald's
57%
A panda crawling on a circular, red backgroundPanda express
55%
A chicken made of a swirly, red "C"Chick Fil A
53%
A white coffee cup against a pink and orange square backgroundDunkin' Donuts
52%
A corner where two castle walls meet; one is white and the other is shaded yellowWhite Castle
45%
A cartoon version of Julius Caesar eating pizza off of a spearLittle Caesar's
44%
A tall, red cowboy hatArby's
42%
A mermaid with a crown on a circular, green backgroundStarbucks
40%
A smiling golden star outlined in redCarl's Jr.
39%
A woman cradling a loaf of bread as if it were a babyPanera
27%
Black letters with a red roof above them and a yellow floor below themPizza Hut
26%
Black letters against a wavy Italian flagSbarro
13%
A red, orange, yellow and green hurricane-like swirlJamba Juice
9%
A white silhouette of a chicken against a red, circular backgroundZaxby's
8%
A green cactus on a background of a rising (or setting) sun with raysTaco Time
6%
A turqoise fish with a mustache wearing a sombrero and glassesTaco del Mar
3%

Score Distribution

Percentile by Number Answered

Percent of People with Each Score

Your Score History

You have not taken this quiz